Cenový vývoj na Slovensku v kontexte pandémie COVID-19 diplomová práca

Uložené v:
Podrobná bibliografia
Hlavný autor: Klus, Ivan
Korporativný autor: Podnikovohospodárska fakulta EU so sídlom v Košiciach. Katedra kvantitatívnych metód
Ďalší autori: Megyesiová, Silvia, 1969-
Médium: Kniha
Jazyk:Slovak
Vydavateľské údaje: Košice 2024
Tagy: Pridať tag
Žiadne tagy, Buďte prvý, kto otaguje tento záznam!

MARC

LEADER 00000nbm a2200000 4500
001 0301421
005 20250224100531.2
041 0 |a slo 
044 |a SK 
245 1 0 |a Cenový vývoj na Slovensku v kontexte pandémie COVID-19  |b diplomová práca  |c Ivan Klus ; školiteľ: Silvia Megyesiová 
264 1 |a Košice  |c 2024 
300 |a 61 s. 
100 1 |a Klus, Ivan 
700 1 |a Megyesiová, Silvia, 1969- 
710 2 |a Podnikovohospodárska fakulta EU so sídlom v Košiciach. Katedra kvantitatívnych metód